Statystyki dla Uszkodzenia World of Tanks

Kliknij tutaj aby rozwiązać quiz!

Ogólne statystyki

  • Ten quiz został rozwiązany 227 razy
  • Średni wynik to 13 z 15

Statystyki odpowiedzi

CzołgUszkodzenia% Poprawnych
IS-3390
94%
Skorpion G490
94%
T110E3750
93%
WZ-111 5a490
91%
Jagdpanzer E-1001050
89%
BC-25T390
88%
Super Conqueror400
88%
Hellcat240
87%
AMX 50 100300
85%
STB-1360
85%
113440
85%
Leopard 1420
82%
Foch B400
80%
Centurion I240
76%
Type 64115
65%

Rozkład punktacji

Percentyl według liczby udzielonych odpowiedzi

Procent ludzi z każdym wynikiem

Twoja historia wyników

Nie rozwiązałeś tego quizu